| 000 | 00810nas a2200289 4500 | ||
|---|---|---|---|
| 001 | BR0104452 | ||
| 003 | BR-BrBNA | ||
| 005 | 20231205102547.0 | ||
| 007 | ta | ||
| 008 | 230509b bl.|||p| |||| 00| 00por d | ||
| 040 |
_aBR-BrBNA _bpor _cBiblioteca Nacional de Agricultura |
||
| 041 | _a(Pt) | ||
| 072 | _aF30; L10 | ||
| 100 | 1 | _aCarneiro, N.P. | |
| 100 | 1 | _aCarneiro, A.A. | |
| 100 | 1 | _aGuimaraes, C.T. | |
| 100 | 1 | _aPaiva, E. | |
| 245 | 1 | _aDesvendando o codigo genetico | |
| 650 | _aGenetica Molecular | ||
| 650 | _aGenoma | ||
| 650 | _aGene | ||
| 650 | _aDNA | ||
| 650 | _aEngenharia Genetica | ||
| 773 | 0 |
_tBiotecnologia Ciencia e Desenvolvimento (Brazil) _xISSN 1414-4522 _g(Nov-Dec 2000), v. 3(17) p. 50-58 _wBR0104452 |
|
| 909 |
_a202311 _bLúcia _c55 _dLúcia Elande |
||
| 942 |
_2AGRIS _n0 _cANA |
||
| 999 |
_c168168 _d168168 |
||